| 000 | 00696nam a2200229 a 4500 | ||
|---|---|---|---|
| 005 | 20210223124517.0 | ||
| 008 | 011121s1997 mx r 000 0 spa d | ||
| 020 | _a9701801474(CNCA) | ||
| 020 | _a8816571144(Jaca book) | ||
| 035 | _aUPN01000113970 | ||
| 049 | _aI | ||
| 050 | 4 |
_aPC3304 _bP4.88 |
|
| 100 | 1 |
_aPernoud, Régine, _d1909-1998 _929836 |
|
| 245 | 1 | 3 |
_aUn día en la vida de ... un trovador / _cRégine Pernoud ; il. Giorgio Bacchin ; tr. Sergio Martínez. |
| 260 |
_aMéxico : _bCNCA : _bJaca book, _cc1997. |
||
| 300 |
_a43 p. : _bil., col. |
||
| 650 | 4 | _aTROVADORES | |
| 650 | 4 |
_aCANTANTES _96063 |
|
| 650 | 4 | _aLITERATURA PROVENZAL | |
| 740 | 3 | _aUn trovador | |
| 905 | _aInfantil | ||
| 999 |
_c87878 _d87878 |
||